000 00790nam a2200265 a 4500
005 20260322212022.0
008 data
010 _a 86010857
020 _a0871893738
020 _a9780871893734
040 _aDNLM/DLC
_cDLC
050 1 _aRT81.5
_b.N8745 1986
060 _aWY 20.5 N9746
245 0 0 _aNursing research methodology :
_bissues and implementation /
_cedited by Peggy L. Chinn.
260 0 _aRockville, Md. :
_bAspen Publishers,
_c1986.
300 _axvi, 309 p. :
_bill. ;
_c24 cm.
500 _a"An Aspen publication."
504 _aIncludes bibliographical references and index.
590 _a"An Aspen publication."
650 0 _aNursing
_xMethodology.
_xMethodology.
650 2 _aNursing.
650 2 _aResearch
_xmethods.
700 1 _aChinn, Peggy L.
001 data
999 _c500
_d500